000 00275nam a22001217a 4500
008 170608b xxu||||| |||| 00| 0 eng d
041 _aeng
080 _22ND
_a32
100 _a17
101 _aSHP
245 _aCASES IN PUBLIC POLICY ANALYSSI
_cGUESS, G.M
942 _2udc
_cBK
999 _c16543
_d16543